Fifteen stories / (Record no. 37910)

MARC details
000 -LEADER
fixed length control field 00643nam a22002177a 4500
005 - DATE AND TIME OF LATEST TRANSACTION
control field 2010072705065.0
010 ## - LCCN (DPL NO)
LC control number ENG-97116
020 ## - INTERNATIONAL STANDARD BOOK NUMBER
Terms of availability 200.00
035 ## - SYSTEM CONTROL NUMBER
System control number EN-80649
037 ## - SOURCE OF ACQUISITION
Source of stock number/acquisition DBAD/PUB
082 ## - DEWEY DECIMAL CLASSIFICATION NUMBER
Classification number S
100 ## - MAIN ENTRY--PERSONAL NAME
Personal name Padmanabhan, T
245 ## - TITLE STATEMENT
Title Fifteen stories /
Statement of responsibility, etc by T Padmanabhan
260 ## - PUBLICATION, DISTRIBUTION, ETC. (IMPRINT)
Place of publication, distribution, etc Calicut
Name of publisher, distributor, etc Tarjuma
Date of publication, distribution, etc 2008
270 ## - ADDRESS
Address Book Point,Ummer Mansion,M.M Ali Road,Calicut
Postal code 673002
300 ## - PHYSICAL DESCRIPTION
Extent 152p.
Dimensions 23 cm(pbk)
700 ## - ADDED ENTRY--PERSONAL NAME
9 (RLIN) 1608
700 ## - ADDED ENTRY--PERSONAL NAME
9 (RLIN) 1647
942 ## - ADDED ENTRY ELEMENTS (KOHA)
Source of classification or shelving scheme Dewey Decimal Classification
Item type English Books
Call number suffix PAD
Classification part S
Holdings
Withdrawn status Lost status Not for loan Collection code Home library Current library Date acquired Source of acquisition Cost, normal purchase price Full call number Barcode Copy number Cost, replacement price Koha item type
    Not For Loan Non-fiction D.B.Act.Division D.B.Act.Division 27/07/2010 DBAD/PUB 200.00 S PAD EN-80649 1 200.00 English Books

© Delhi Public Library
Hit Counter
free hit counter